[Event "Foxwoods Open"]
[Site "Mashantucket, CT"]
[Date "2014.01.25"]
[Round "6.2"]
[White "Stripunsky, Alexander"]
[Black "Perelshteyn, Eugene"]
[Result "1-0"]
[WhiteElo "2549"]
[BlackElo "2499"]
[PlyCount "113"]
[EventDate "2014.01.??"]
[EventType "swiss"]
[EventRounds "9"]
[EventCountry "USA"]
[Source "MonRoi"]
[WhiteClock "0:01:26"]
[BlackClock "0:01:39"]

1. d4 d5 2. Bf4 Nf6 3. e3 c5 4. Nc3 a6 5. dxc5 Nc6 6. Nf3 Bg4 7. Be2 e6 8. Na4
Ne4 9. h3 Bh5 10. O-O Nxc5 11. Nxc5 Bxc5 12. Ne5 Bxe2 13. Qxe2 O-O 14. Nxc6
bxc6 15. c4 Bd6 16. Bxd6 Qxd6 17. Rac1 a5 18. Rc2 a4 19. Rfc1 Rab8 20. cxd5
cxd5 21. Rc6 Qb4 22. R1c2 g6 23. Qd3 Rb6 24. Rxb6 Qxb6 25. Qc3 Rd8 26. Qf6 Qd6
27. Qd4 a3 28. b3 e5 29. Qc5 Qxc5 30. Rxc5 d4 31. exd4 exd4 32. Kf1 d3 33. Ke1
Re8+ 34. Kd2 Re2+ 35. Kxd3 Rxa2 36. Rc2 Ra1 37. Kc3 h5 38. f3 Kf8 39. Re2 g5
40. Kb4 Kg7 41. Ka4 f5 42. b4 Kf6 43. Kb3 f4 44. Ra2 Rb1+ 45. Kxa3 g4 46. hxg4
hxg4 47. Ka4 gxf3 48. gxf3 Ke5 49. b5 Kd5 50. Re2 Ra1+ 51. Kb4 Rb1+ 52. Ka5 Rb3
53. Rd2+ Kc5 54. Rc2+ Kd4 55. b6 Rxf3 56. Kb4 Rf1 57. Rc4+ 1-0

[Event "Foxwoods Open"]
[Site "Mashantucket, CT"]
[Date "2014.01.25"]
[Round "6.3"]
[White "Kekelidze, Mikheil"]
[Black "Hungaski, Robert"]
[Result "1-0"]
[WhiteElo "2462"]
[BlackElo "2462"]
[PlyCount "107"]
[EventDate "2014.01.??"]
[EventType "swiss"]
[EventRounds "9"]
[EventCountry "USA"]
[Source "MonRoi"]
[WhiteClock "0:40:55"]
[BlackClock "0:02:01"]

1. d4 d6 2. Nf3 Bg4 3. e4 Nc6 4. d5 Nb8 5. c4 Nf6 6. Nc3 c6 7. Be2 Bxf3 8. gxf3
g6 9. f4 Bg7 10. h4 Nbd7 11. Be3 Qa5 12. Kf1 cxd5 13. cxd5 Rc8 14. Bd4 O-O 15.
h5 Nc5 16. e5 dxe5 17. fxe5 Nfe4 18. Rh4 Nxc3 19. Bxc3 Qd8 20. e6 Bxc3 21.
exf7+ Rxf7 22. hxg6 hxg6 23. bxc3 e5 24. Rg4 Qf6 25. f3 Rh7 26. Kg2 Kf7 27. Qg1
b6 28. Qe3 Rch8 29. Rg1 Rh2+ 30. Kf1 Qf5 31. R4g2 Qb1+ 32. Kf2 Qxa2 33. Rd1 Qa4
34. c4 Qc2 35. Qg5 Rxg2+ 36. Qxg2 Qf5 37. Rh1 Ne4+ 38. Ke1 Qg5 39. fxe4 Qxg2
40. Rxh8 Qxe4 41. Rh7+ Kf6 42. d6 Qd4 43. d7 e4 44. c5 bxc5 45. Bb5 e3 46. Ke2
Kg5 47. Rf7 Qd2+ 48. Kf3 Kh6 49. Rf4 a6 50. Bc6 Kh5 51. Rf7 g5 52. Rh7+ Kg6 53.
Rh2 Kf5 54. Rxd2 1-0

[Event "Foxwoods Open"]
[Site "Mashantucket, CT"]
[Date "2014.01.25"]
[Round "6.4"]
[White "Vibbert, Sean"]
[Black "Sevian, Samuel"]
[Result "0-1"]
[WhiteElo "2333"]
[BlackElo "2401"]
[PlyCount "74"]
[EventDate "2014.01.??"]
[EventType "swiss"]
[EventRounds "9"]
[EventCountry "USA"]
[Source "MonRoi"]

1. e4 e5 2. Nf3 Nc6 3. Bb5 a6 4. Ba4 d6 5. O-O Bd7 6. d4 Nf6 7. Bb3 h6 8. Re1
g6 9. Bd2 Bg4 10. Bc3 Bxf3 11. Qxf3 exd4 12. e5 dxe5 13. Ba4 dxc3 14. Bxc6+
bxc6 15. Qxc6+ Nd7 16. Rxe5+ Be7 17. Nxc3 O-O 18. Rd5 Bd6 19. Ne4 Re8 20. f3
Nf6 21. Nxd6 Re6 22. Rd2 Rxd6 23. Rxd6 cxd6 24. Rd1 Ne8 25. c4 Qc8 26. Qe4 Rb8
27. b3 h5 28. Kh1 Qc5 29. h3 Qf2 30. a4 Ng7 31. Kh2 Nf5 32. Qf4 h4 33. Rd3 Re8
34. Rd1 Re2 35. Rg1 Qg3+ 36. Qxg3 hxg3+ 37. Kh1 Rb2 0-1

[Event "Foxwoods Open"]
[Site "Mashantucket, CT"]
[Date "2014.01.25"]
[Round "6.5"]
[White "Bonin, Jay"]
[Black "Macieja, Bartlomiej"]
[Result "1/2-1/2"]
[WhiteElo "2303"]
[BlackElo "2583"]
[PlyCount "71"]
[EventDate "2014.01.??"]
[EventType "swiss"]
[EventRounds "9"]
[EventCountry "USA"]
[Source "MonRoi"]

1. d4 e6 2. Nf3 c5 3. e3 Nf6 4. Nbd2 cxd4 5. exd4 b6 6. c3 Bb7 7. Bd3 Be7 8.
Qe2 O-O 9. O-O d6 10. Rd1 Nbd7 11. Nf1 a6 12. c4 Re8 13. b3 Qc7 14. Ng3 Rac8
15. Bb2 Qb8 16. Ne5 dxe5 17. dxe5 Qa8 18. exf6 Nxf6 19. Nh5 Rc5 20. Nxf6+ Bxf6
21. Bxf6 gxf6 22. f4 Kh8 23. b4 Bxg2 24. bxc5 Bf3 25. Qb2 Rg8+ 26. Kf1 e5 27.
Rd2 Bg4 28. Ke1 Qf3 29. Be2 Qxf4 30. Bxg4 Qxg4 31. Re2 Qg1+ 32. Kd2 Rd8+ 33.
Kc2 Qg6+ 34. Kc1 Qg1+ 35. Kc2 Qg6+ 36. Kc1 1/2-1/2

[Event "Foxwoods Open"]
[Site "Mashantucket, CT"]
[Date "2014.01.25"]
[Round "6.6"]
[White "Corrales Jimenez, Fidel"]
[Black "Chandra, Akshat"]
[Result "1-0"]
[WhiteElo "2568"]
[BlackElo "2341"]
[PlyCount "101"]
[EventDate "2014.01.??"]
[EventType "swiss"]
[EventRounds "9"]
[EventCountry "USA"]
[Source "MonRoi"]

1. e4 c5 2. Nf3 e6 3. d4 cxd4 4. Nxd4 Nc6 5. Nc3 Qc7 6. Be2 a6 7. O-O Nf6 8.
Be3 Bb4 9. Na4 Be7 10. Nxc6 bxc6 11. Nb6 Rb8 12. Nxc8 Qxc8 13. e5 Nd5 14. Bc1
Bc5 15. c4 Ne7 16. Kh1 Qc7 17. f4 d6 18. exd6 Bxd6 19. Qc2 c5 20. Bd3 g6 21.
Bd2 O-O 22. Rae1 Nc6 23. Qc1 Nd4 24. Bc3 Rfd8 25. Qe3 Bf8 26. g4 Re8 27. Qf2
Bg7 28. Be4 f5 29. gxf5 gxf5 30. Bg2 Kh8 31. b4 Rxb4 32. Bxb4 cxb4 33. Rc1 Qc5
34. Qd2 a5 35. Qd1 Rb8 36. Qa4 Ne2 37. Rce1 Nc3 38. Qd7 Nxa2 39. Rxe6 Qc8 40.
Qf7 Qf8 41. Qh5 Nc3 42. Bh3 Qg8 43. Bxf5 a4 44. Rfe1 Rf8 45. Re7 Rxf5 46. Qxf5
Qa8+ 47. Kg1 Bd4+ 48. R1e3 Bxe3+ 49. Rxe3 Qg8+ 50. Kf1 Qxc4+ 51. Ke1 1-0

[Event "Foxwoods Open"]
[Site "Mashantucket, CT"]
[Date "2014.01.25"]
[Round "6.8"]
[White "Liang, Awonder"]
[Black "Sarkar, Justin"]
[Result "0-1"]
[WhiteElo "2248"]
[BlackElo "2425"]
[PlyCount "48"]
[EventDate "2014.01.??"]
[EventType "swiss"]
[EventRounds "9"]
[EventCountry "USA"]
[Source "MonRoi"]

1. e4 c5 2. Nf3 d6 3. d4 cxd4 4. Nxd4 Nf6 5. Nc3 a6 6. Bg5 Nbd7 7. f4 Qc7 8.
Qf3 b5 9. O-O-O Bb7 10. Bd3 g6 11. Rhe1 Bg7 12. Nb3 O-O 13. h4 b4 14. Ne2 a5
15. h5 a4 16. Nbd4 e5 17. hxg6 exd4 18. gxh7+ Kh8 19. Nxd4 Qc5 20. Bb5 b3 21.
axb3 axb3 22. c3 Nxe4 23. Rxe4 Bxd4 24. Rdxd4 Bxe4 0-1

[Event "Foxwoods Open"]
[Site "Mashantucket, CT"]
[Date "2014.01.25"]
[Round "6.10"]
[White "Goldenberg, Ryan"]
[Black "Coleman, Teddy"]
[Result "1/2-1/2"]
[WhiteElo "2303"]
[BlackElo "2393"]
[PlyCount "138"]
[EventDate "2014.01.??"]
[EventType "swiss"]
[EventRounds "9"]
[EventCountry "USA"]
[Source "MonRoi"]

1. e4 c5 2. Nf3 e6 3. d4 cxd4 4. Nxd4 a6 5. Nc3 Qc7 6. Bd3 Nf6 7. O-O Bd6 8. h3
Nc6 9. Be3 O-O 10. Nde2 Be7 11. f4 d6 12. Na4 b5 13. Nb6 Rb8 14. Nxc8 Rfxc8 15.
c3 e5 16. Ng3 Re8 17. Qf3 exf4 18. Qxf4 Ne5 19. Bc2 Ng6 20. Qf2 Bf8 21. Bd4 Ne5
22. Rad1 Re6 23. Kh1 Rbe8 24. b3 g6 25. Ne2 Bg7 26. Nf4 R6e7 27. Rde1 Qb7 28.
Re3 Ned7 29. Qf3 Ne5 30. Qf2 Ned7 31. Ne2 Ne5 32. Qh4 Nfd7 33. Nf4 Nb8 34. Nd5
Re6 35. Re2 Nbc6 36. Be3 Rc8 37. Bg5 Qd7 38. Nb6 Qb7 39. Nxc8 Qxc8 40. Rd1 a5
41. Red2 Bf8 42. Rd5 Qb8 43. Qf2 Re8 44. Qf1 b4 45. c4 Nd7 46. Bf4 Nde5 47. Qf2
Qc7 48. Bh2 Re6 49. Bg1 Nd7 50. Qg3 Nce5 51. Rb5 Nc5 52. a3 bxa3 53. Ra1 a4 54.
bxa4 Qc6 55. Rxa3 Nxc4 56. Rc3 Nd2 57. Bxc5 dxc5 58. e5 Ne4 59. Bxe4 Qxe4 60.
Re3 Qxa4 61. Rb8 Kg7 62. Kh2 Qd4 63. Re1 c4 64. Qe3 Qxe3 65. Rxe3 Rxe5 66. Rxe5
Bd6 67. Rc8 Bxe5+ 68. Kg1 c3 69. Kf2 h5 1/2-1/2

[Event "Foxwoods Open"]
[Site "Mashantucket, CT"]
[Date "2014.01.25"]
[Round "6.11"]
[White "Gu, Christopher"]
[Black "Yanayt, Eugene"]
[Result "1-0"]
[WhiteElo "2290"]
[BlackElo "2222"]
[PlyCount "81"]
[EventDate "2014.01.??"]
[EventType "swiss"]
[EventRounds "9"]
[EventCountry "USA"]
[Source "MonRoi"]

1. d4 Nf6 2. Nf3 g6 3. c4 Bg7 4. Nc3 O-O 5. e4 d6 6. Be2 e5 7. O-O Nc6 8. d5
Ne7 9. Ne1 Nd7 10. Nd3 f5 11. Bd2 Nf6 12. f3 f4 13. c5 g5 14. cxd6 cxd6 15. Nf2
Ng6 16. Qc2 h5 17. h3 Rf7 18. Rfc1 Bf8 19. Nb5 Ne8 20. a4 Bd7 21. Qb3 Rg7 22.
Rc3 Nh4 23. Be1 a6 24. Na3 Rb8 25. a5 b5 26. axb6 Rxb6 27. Qc2 g4 28. hxg4 Nf6
29. Nc4 hxg4 30. fxg4 Nxg2 31. Kxg2 Nxg4 32. Nxg4 Bxg4 33. Bxg4 Rxg4+ 34. Kf1
Rb7 35. Qh2 Rbg7 36. Bf2 Qd7 37. Rh3 R4g5 38. Rxa6 Qb5 39. Rh8+ Kf7 40. Rxf8+
Kxf8 41. Qh8+ 1-0

[Event "Foxwoods Open"]
[Site "Mashantucket, CT"]
[Date "2014.01.25"]
[Round "6.12"]
[White "Hasan, Mehdi"]
[Black "Mikhalevski, Victor"]
[Result "0-1"]
[WhiteElo "2285"]
[BlackElo "2551"]
[PlyCount "51"]
[EventDate "2014.01.??"]
[EventType "swiss"]
[EventRounds "9"]
[EventCountry "USA"]
[Source "MonRoi"]

1. d4 Nf6 2. Bg5 Ne4 3. Bf4 d5 4. e3 c5 5. Bd3 Nf6 6. c3 Nc6 7. Nd2 Bg4 8. Ngf3
e6 9. Qa4 Nd7 10. Ne5 Ndxe5 11. Bxe5 Qd7 12. Bb5 f6 13. Bg3 cxd4 14. Rc1 dxe3
15. fxe3 e5 16. e4 dxe4 17. Nxe4 Rc8 18. O-O a6 19. Bxc6 Rxc6 20. h3 Bh5 21.
Qa5 Be7 22. Bxe5 b6 23. Qxa6 fxe5 24. Qb5 Re6 25. Qa6 Qc6 26. Rce1 0-1

[Event "Foxwoods Open"]
[Site "Mashantucket, CT"]
[Date "2014.01.25"]
[Round "6.13"]
[White "Katz, Alexander R"]
[Black "Shmelov, Denys"]
[Result "1/2-1/2"]
[WhiteElo "2256"]
[BlackElo "2417"]
[PlyCount "93"]
[EventDate "2014.01.??"]
[EventType "swiss"]
[EventRounds "9"]
[EventCountry "USA"]
[Source "MonRoi"]

1. e4 e5 2. Nf3 Nc6 3. Bc4 Bc5 4. O-O Nf6 5. d4 exd4 6. e5 d5 7. exf6 dxc4 8.
fxg7 Rg8 9. Re1+ Be7 10. Bg5 Be6 11. Bxe7 Kxe7 12. Re4 d3 13. Nbd2 Qd5 14. Rxc4
Rxg7 15. Rc3 Rxg2+ 16. Kxg2 Rg8+ 17. Kh1 Bh3 18. Rxd3 Bg2+ 19. Kg1 Bh3+ 20. Kh1
Bg2+ 21. Kg1 Bxf3+ 22. Kf1 Rg1+ 23. Kxg1 Qg5+ 24. Kf1 Qg2+ 25. Ke1 Bxd1 26.
Rxd1 Qxh2 27. Re3+ Kf8 28. Ne4 Qf4 29. c3 b6 30. Ng3 Qg4 31. Rd5 Qc4 32. Rd7
Qxa2 33. Rxc7 Qb1+ 34. Ke2 Qxb2+ 35. Kf1 Qb5+ 36. Kg1 a5 37. Rc8+ Kg7 38. Nf5+
Kf6 39. Nd6 Qb1+ 40. Kh2 Ne5 41. Rg8 Qd1 42. Ne8+ Kf5 43. Ng7+ Kf6 44. Ne8+ Kf5
45. Ng7+ Kf4 46. Ne6+ Kf5 47. Ng7+ 1/2-1/2

[Event "Foxwoods Open"]
[Site "Mashantucket, CT"]
[Date "2014.01.25"]
[Round "6.14"]
[White "Tang, Andrew"]
[Black "Lastra, Ricardo"]
[Result "1-0"]
[WhiteElo "2222"]
[BlackElo "2176"]
[PlyCount "71"]
[EventDate "2014.01.??"]
[EventType "swiss"]
[EventRounds "9"]
[EventCountry "USA"]
[Source "MonRoi"]

1. d4 Nf6 2. c4 g6 3. Nc3 Bg7 4. e4 d6 5. f3 O-O 6. Nge2 c5 7. d5 Nbd7 8. Ng3
Re8 9. Be2 e6 10. O-O exd5 11. cxd5 a6 12. a4 b6 13. Be3 Bb7 14. Qd2 Rc8 15.
Bg5 Qc7 16. h4 c4 17. h5 b5 18. axb5 axb5 19. Be3 Nc5 20. Nxb5 Qd7 21. Bxc5
Rxc5 22. Nc3 Rb8 23. hxg6 hxg6 24. Rfc1 Rcc8 25. Nf1 Qd8 26. Ne3 Bh6 27. Kf2
Nh5 28. Rh1 Qg5 29. Rh3 Nf4 30. Rh2 Bxd5 31. exd5 Re8 32. Ne4 Rxe4 33. fxe4 Rb3
34. Ra8+ Kh7 35. Qd4 Nh3+ 36. Rxh3 1-0

[Event "Foxwoods Open"]
[Site "Mashantucket, CT"]
[Date "2014.01.25"]
[Round "6.16"]
[White "Juac, Majur"]
[Black "Yagiz, Bora"]
[Result "1-0"]
[WhiteElo "2100"]
[BlackElo "1896"]
[PlyCount "67"]
[EventDate "2014.01.??"]
[EventType "swiss"]
[EventRounds "9"]
[EventCountry "USA"]
[Source "MonRoi"]

1. e4 c5 2. Nf3 e6 3. d4 cxd4 4. Nxd4 a6 5. Nc3 Qc7 6. g3 Bb4 7. Bd2 Nc6 8.
Nxc6 dxc6 9. Qg4 g6 10. Qe2 e5 11. Bg2 Be6 12. O-O Bd6 13. h3 h5 14. Nd1 Nf6
15. Ne3 b5 16. c4 h4 17. g4 b4 18. Rac1 Nd7 19. Nd5 Qb7 20. Bg5 Bxd5 21. exd5
c5 22. f4 Kf8 23. fxe5 Bxe5 24. Be7+ Kg7 25. d6 Bd4+ 26. Kh1 Qa7 27. Rcd1 Rac8
28. Bd5 f6 29. g5 Rhe8 30. Rxd4 cxd4 31. gxf6+ Kh7 32. Qe4 Nxf6 33. Rxf6 Rxe7
34. dxe7 1-0

[Event "Foxwoods Open"]
[Site "Mashantucket, CT"]
[Date "2014.01.25"]
[Round "7.2"]
[White "Perelshteyn, Eugene"]
[Black "Sevian, Samuel"]
[Result "1-0"]
[WhiteElo "2499"]
[BlackElo "2401"]
[PlyCount "77"]
[EventDate "2014.01.??"]
[EventType "swiss"]
[EventRounds "9"]
[EventCountry "USA"]
[Source "MonRoi"]
[WhiteClock "0:44:27"]
[BlackClock "0:03:02"]

1. d4 d5 2. c4 c6 3. cxd5 cxd5 4. Nc3 Nf6 5. Bg5 Nc6 6. Bxf6 gxf6 7. e3 e6 8.
Nf3 a6 9. Rc1 Be7 10. Be2 Bd7 11. O-O Qa5 12. a3 f5 13. Nd2 b5 14. Nb3 Qb6 15.
Bd3 Bd6 16. Qh5 Ne7 17. Nc5 Rd8 18. b4 Bxc5 19. dxc5 Qb7 20. Ne2 Nc6 21. f4 Rc8
22. Nd4 Rb8 23. Rf3 Qc7 24. Qh6 Qd8 25. Bxf5 Qe7 26. Bh3 Kd8 27. f5 Kc7 28.
fxe6 fxe6 29. Rcf1 Nd8 30. Rg3 Qe8 31. Rg7 Kc8 32. c6 Bxc6 33. Nxe6 Bd7 34.
Rxd7 Kxd7 35. Ng7+ Kc7 36. Nxe8+ Rxe8 37. Qxa6 Rb6 38. Rc1+ Nc6 39. Qa7+ 1-0

[Event "Foxwoods Open"]
[Site "Mashantucket, CT"]
[Date "2014.01.25"]
[Round "7.4"]
[White "Sarkar, Justin"]
[Black "Macieja, Bartlomiej"]
[Result "0-1"]
[WhiteElo "2425"]
[BlackElo "2583"]
[PlyCount "64"]
[EventDate "2014.01.??"]
[EventType "swiss"]
[EventRounds "9"]
[EventCountry "USA"]
[Source "MonRoi"]

1. d4 Nf6 2. c4 e6 3. Nc3 Bb4 4. Qc2 O-O 5. a3 Bxc3+ 6. Qxc3 d6 7. Nf3 b6 8. e3
Nbd7 9. b4 Bb7 10. Be2 Ne4 11. Qc2 a5 12. Rb1 axb4 13. axb4 f5 14. O-O Rf6 15.
c5 Bd5 16. c6 Nf8 17. Ne1 Rh6 18. g3 Nc3 19. e4 Nxe2+ 20. Qxe2 Bxe4 21. Rb2 Rg6
22. b5 Qf6 23. Rb4 Ra1 24. Bb2 Ra2 25. Ng2 Bxg2 26. Kxg2 f4 27. Qe4 Rg5 28. Re1
Rf5 29. f3 Qg5 30. Qb1 fxg3 31. Re2 Qh5 32. Kg1 Qxf3 0-1

[Event "Foxwoods Open"]
[Site "Mashantucket, CT"]
[Date "2014.01.25"]
[Round "7.7"]
[White "Bonin, Jay"]
[Black "Mandizha, Farai"]
[Result "0-1"]
[WhiteElo "2303"]
[BlackElo "2379"]
[PlyCount "88"]
[EventDate "2014.01.??"]
[EventType "swiss"]
[EventRounds "9"]
[EventCountry "USA"]
[Source "MonRoi"]

1. d4 e6 2. Nf3 Nf6 3. c4 d5 4. g3 Bb4+ 5. Bd2 Be7 6. Bg2 O-O 7. Qc2 Ne4 8. O-O
Nd7 9. Bf4 c6 10. Nbd2 g5 11. Be3 f5 12. Nxe4 dxe4 13. Ne1 Qe8 14. Qd2 Qg6 15.
f3 exf3 16. exf3 e5 17. Nd3 f4 18. Bf2 Bf6 19. d5 Bg7 20. Rad1 Nb6 21. b3 cxd5
22. cxd5 Rd8 23. Nb4 Bf8 24. Rfe1 Qf6 25. Bf1 a5 26. Nd3 Nxd5 27. Rxe5 Be6 28.
Qe1 Bf7 29. Bd4 Ne3 30. Bxe3 fxe3 31. Qxe3 h6 32. Nf2 Rxd1 33. Nxd1 Bd6 34. Re4
Rc8 35. Nf2 Bc5 36. Qe2 Bb6 37. Kg2 h5 38. Re7 g4 39. fxg4 Bd5+ 40. Kh3 Bxf2
41. gxh5 Kf8 42. Re5 Rc5 43. Kg4 Bc6 44. Rxc5 Bd7+ 0-1

[Event "Foxwoods Open"]
[Site "Mashantucket, CT"]
[Date "2014.01.25"]
[Round "7.8"]
[White "Mikhalevski, Victor"]
[Black "Goldenberg, Ryan"]
[Result "1-0"]
[WhiteElo "2551"]
[BlackElo "2303"]
[PlyCount "83"]
[EventDate "2014.01.??"]
[EventType "swiss"]
[EventRounds "9"]
[EventCountry "USA"]
[Source "MonRoi"]

1. d4 Nf6 2. c4 e6 3. g3 c5 4. d5 exd5 5. cxd5 b5 6. Nf3 Bb7 7. e4 Nxe4 8. Bg2
Be7 9. O-O O-O 10. Re1 Nd6 11. Bf4 Na6 12. Na3 b4 13. Bxd6 Bxd6 14. Nc4 Be7 15.
d6 Bf6 16. Qd3 g6 17. Nfe5 Bxg2 18. Kxg2 Rc8 19. Qd5 Nb8 20. Nd3 Bd4 21. Re4
Qf6 22. Rae1 Qf5 23. Qxf5 gxf5 24. Rf4 Rfe8 25. Rxe8+ Rxe8 26. Kf1 f6 27. Rxf5
Kf7 28. b3 Na6 29. Rh5 Kg7 30. g4 Kg6 31. Nf4+ Kg7 32. Nd5 Rh8 33. Ne7 Kf7 34.
f4 Nb8 35. Ke2 Nc6 36. Nxc6 dxc6 37. Kd3 Kg6 38. Na5 Rd8 39. Nxc6 Rxd6 40. Ne7+
Kf7 41. Rxh7+ Ke8 42. Nf5 1-0

[Event "Foxwoods Open"]
[Site "Mashantucket, CT"]
[Date "2014.01.25"]
[Round "7.9"]
[White "Coleman, Teddy"]
[Black "Liang, Awonder"]
[Result "1/2-1/2"]
[WhiteElo "2393"]
[BlackElo "2248"]
[PlyCount "114"]
[EventDate "2014.01.??"]
[EventType "swiss"]
[EventRounds "9"]
[EventCountry "USA"]
[Source "MonRoi"]

1. d4 Nf6 2. c4 g6 3. Nc3 Bg7 4. e4 d6 5. Nge2 O-O 6. f3 c5 7. d5 e6 8. Ng3
exd5 9. cxd5 h5 10. Be2 a6 11. a4 Nh7 12. Bf4 Qe7 13. Qd2 h4 14. Nf1 Nd7 15.
Bh6 Ne5 16. Bxg7 Kxg7 17. Ne3 f5 18. f4 Nf7 19. exf5 Bxf5 20. Nxf5+ gxf5 21.
O-O Rae8 22. Bd3 Qf6 23. Qf2 Nh6 24. h3 Re7 25. Rfe1 Rfe8 26. Kf1 Nf8 27. Rxe7+
Qxe7 28. Be2 Ng6 29. Bh5 Qe3 30. Bxg6 Qxf2+ 31. Kxf2 Kxg6 32. Ra3 b6 33. Rb3
Rb8 34. Nd1 Ng8 35. Re3 Nf6 36. Re6 Kf7 37. Ne3 Nxd5 38. Rxd6 Nxe3 39. Kxe3
Re8+ 40. Kf3 Re6 41. Rd5 Kf6 42. a5 c4 43. g4 hxg3 44. Kxg3 bxa5 45. Rxa5 Rb6
46. Rc5 Rxb2 47. Rc6+ Kg7 48. Rxc4 Rb6 49. Rc5 Kg6 50. Ra5 Rc6 51. Kh4 Rd6 52.
Rc5 Rb6 53. Rc8 Rd6 54. Ra8 Rb6 55. Rg8+ Kh6 56. Rd8 Kg6 57. Rc8 Rd6 1/2-1/2

[Event "Foxwoods Open"]
[Site "Mashantucket, CT"]
[Date "2014.01.25"]
[Round "7.10"]
[White "Chandra, Akshat"]
[Black "Tanenbaum, Zachary"]
[Result "1-0"]
[WhiteElo "2341"]
[BlackElo "1927"]
[PlyCount "121"]
[EventDate "2014.01.??"]
[EventType "swiss"]
[EventRounds "9"]
[EventCountry "USA"]
[Source "MonRoi"]

1. e4 e5 2. Nf3 Nc6 3. Bb5 a6 4. Ba4 d6 5. c3 Nf6 6. Qe2 Be7 7. d3 O-O 8. Nbd2
b5 9. Bc2 Re8 10. O-O Bf8 11. Rd1 Bb7 12. Nf1 Ne7 13. h3 Ng6 14. N3h2 d5 15.
Ng3 Nf4 16. Qf3 Qd6 17. Nf5 Qe6 18. Ng3 Bd6 19. Re1 c5 20. Ngf1 c4 21. Bxf4
cxd3 22. exd5 Qxd5 23. Qxd5 Nxd5 24. Bxe5 Rxe5 25. Bxd3 Nf4 26. Red1 Bxg2 27.
Bxh7+ Kxh7 28. Rxd6 Bxh3 29. Ng3 Ne2+ 30. Nxe2 Rxe2 31. Nf3 f6 32. Kh2 Bg4 33.
Nd4 Rxb2 34. Kg3 Bh5 35. Rh1 g6 36. Rxf6 Rxa2 37. Re1 Ra7 38. Re8 Ra3 39. Ne6
Rxc3+ 40. Kh4 Rf3 41. Rxf3 Bxf3 42. Ng5+ Kg7 43. Nxf3 Kf6 44. Kg4 Re7 45. Rf8+
Ke6 46. Ra8 Kd5 47. Rxa6 Kc5 48. Rxg6 b4 49. Rg8 b3 50. Rb8 Re4+ 51. Kg3 Rb4
52. Rxb4 Kxb4 53. Nd2 b2 54. Kf3 Kc3 55. Ke3 Kb4 56. Kd4 Kb5 57. Kc3 Kc5 58.
Kxb2 Kd4 59. Kc2 Ke5 60. Kd3 Kf4 61. f3 1-0

[Event "Foxwoods Open"]
[Site "Mashantucket, CT"]
[Date "2014.01.25"]
[Round "7.11"]
[White "Englert, Fabian"]
[Black "Tang, Andrew"]
[Result "1-0"]
[WhiteElo "2316"]
[BlackElo "2222"]
[PlyCount "65"]
[EventDate "2014.01.??"]
[EventType "swiss"]
[EventRounds "9"]
[EventCountry "USA"]
[Source "MonRoi"]

1. e4 e5 2. Nf3 Nc6 3. Nc3 Nf6 4. Be2 d6 5. d4 exd4 6. Nxd4 Nxd4 7. Qxd4 Be7 8.
Be3 O-O 9. h3 c6 10. f4 Qc7 11. g4 Rd8 12. g5 Nd7 13. O-O-O Bf8 14. h4 Nb6 15.
Bf3 d5 16. exd5 Be6 17. h5 Nxd5 18. Nxd5 Bxd5 19. Bxd5 Rxd5 20. Qa4 Ra5 21. Qc4
b5 22. Qb3 Ra4 23. g6 Re8 24. Kb1 Rc4 25. Qd3 Rce4 26. Bc1 Qc8 27. f5 a6 28.
Qg3 Re2 29. gxf7+ Kxf7 30. Qb3+ Kf6 31. Rhg1 Bc5 32. Bg5+ Kxf5 33. Qf3+ 1-0

[Event "Foxwoods Open"]
[Site "Mashantucket, CT"]
[Date "2014.01.25"]
[Round "7.12"]
[White "Daly, Troy"]
[Black "Shmelov, Denys"]
[Result "0-1"]
[WhiteElo "2139"]
[BlackElo "2417"]
[PlyCount "68"]
[EventDate "2014.01.??"]
[EventType "swiss"]
[EventRounds "9"]
[EventCountry "USA"]
[Source "MonRoi"]

1. e4 e5 2. Nf3 Nc6 3. Bb5 a6 4. Ba4 Nf6 5. d3 b5 6. Bb3 Bc5 7. c3 d6 8. O-O
Bg4 9. h3 Bh5 10. a4 Rb8 11. axb5 axb5 12. Be3 O-O 13. g4 Bg6 14. Nh4 Kh8 15.
Qf3 Nd7 16. Nf5 Bxe3 17. Nxe3 Nc5 18. Bc2 b4 19. Nd2 Ne6 20. Ra6 Ne7 21. Rfa1
Nc5 22. R6a5 Nc6 23. Rxc5 dxc5 24. Ra6 Rb6 25. Rxb6 cxb6 26. Nd5 f6 27. Ba4 Ne7
28. Nxe7 Qxe7 29. cxb4 cxb4 30. Kg2 Qc5 31. h4 Qc1 32. Nc4 Bf7 33. b3 Bxc4 34.
dxc4 Rd8 0-1

[Event "Foxwoods Open"]
[Site "Mashantucket, CT"]
[Date "2014.01.25"]
[Round "7.13"]
[White "Yanayt, Eugene"]
[Black "Katz, Alexander R"]
[Result "1-0"]
[WhiteElo "2222"]
[BlackElo "2256"]
[PlyCount "141"]
[EventDate "2014.01.??"]
[EventType "swiss"]
[EventRounds "9"]
[EventCountry "USA"]
[Source "MonRoi"]

1. d4 d6 2. c4 e5 3. Nf3 e4 4. Ng1 f5 5. Nc3 Nf6 6. f3 h6 7. g3 c6 8. d5 Qe7 9.
Bg2 Nbd7 10. Qd4 Nc5 11. b4 Na6 12. Ba3 Nxb4 13. Bxb4 c5 14. Bxc5 dxc5 15. Qe3
exf3 16. Qxe7+ Bxe7 17. Nxf3 Ng4 18. Nb5 Kd8 19. Rc1 a6 20. Nc3 Bd6 21. Bh3 Ne3
22. Nd1 Nxd1 23. Kxd1 g5 24. Bg2 f4 25. gxf4 Bxf4 26. Rb1 Kc7 27. e4 Bg4 28.
Kc2 Bxf3 29. Bxf3 Raf8 30. Bg4 h5 31. Bf5 Be5 32. h3 Rh6 33. Rhg1 Bf4 34. Rbf1
Be3 35. Rg3 Bf4 36. Rg2 h4 37. Be6 b5 38. Rxg5 Bxg5 39. Rxf8 Rf6 40. Rc8+ Kd6
41. Bf5 Be3 42. Kd3 Bd4 43. Ra8 Ke5 44. Rb8 Ba1 45. cxb5 axb5 46. Rxb5 Ra6 47.
Rxc5 Rxa2 48. Rc6 Ra4 49. Rh6 Ra3+ 50. Kc4 Rc3+ 51. Kb4 Rc1 52. Rxh4 Rb1+ 53.
Kc4 Rc1+ 54. Kb5 Bd4 55. Rh8 Rc5+ 56. Kb4 Rc1 57. Re8+ Kf4 58. Re6 Rd1 59. d6
Be5 60. Kc5 Bc3 61. Kc6 Be1 62. d7 Rc1+ 63. Kb7 Bh4 64. Re8 Rb1+ 65. Kc6 Rc1+
66. Kd5 Rg1 67. Ke6 Rd1 68. Rh8 Kg3 69. Rxh4 Kxh4 70. Ke7 Kh5 71. Bg4+ 1-0

[Event "Foxwoods Open"]
[Site "Mashantucket, CT"]
[Date "2014.01.25"]
[Round "7.14"]
[White "Hasan, Mehdi"]
[Black "Juac, Majur"]
[Result "1-0"]
[WhiteElo "2285"]
[BlackElo "2100"]
[PlyCount "83"]
[EventDate "2014.01.??"]
[EventType "swiss"]
[EventRounds "9"]
[EventCountry "USA"]
[Source "MonRoi"]

1. d4 d6 2. e4 Nf6 3. Nc3 g6 4. Be3 Bg7 5. Qd2 Ng4 6. Bg5 h6 7. Bh4 Nd7 8. h3
Ngf6 9. f4 c5 10. d5 a6 11. Nf3 b5 12. e5 b4 13. Nd1 dxe5 14. fxe5 Nh7 15. Bg3
Nb6 16. Ne3 Bb7 17. Rd1 O-O 18. Bc4 h5 19. b3 Bh6 20. Qd3 Qe8 21. O-O Rd8 22.
Kh2 Nxc4 23. bxc4 f5 24. exf6 exf6 25. Rde1 f5 26. Nxf5 gxf5 27. Rxe8 Rdxe8 28.
Ne5 Bc8 29. d6 Be6 30. Ng6 Nf6 31. Nxf8 Rxf8 32. Bh4 Bg7 33. Rxf5 Bxf5 34. Qxf5
Ng4+ 35. hxg4 Rxf5 36. gxf5 Be5+ 37. Bg3 Bf6 38. d7 Bd8 39. Kh3 Kf7 40. Bh4
Bxh4 41. Kxh4 Ke7 42. Kxh5 1-0

[Event "Foxwoods Open"]
[Site "Mashantucket, CT"]
[Date "2014.01.25"]
[Round "7.15"]
[White "Lastra, Ricardo"]
[Black "Yagiz, Bora"]
[Result "1-0"]
[WhiteElo "2176"]
[BlackElo "1896"]
[PlyCount "63"]
[EventDate "2014.01.??"]
[EventType "swiss"]
[EventRounds "9"]
[EventCountry "USA"]
[Source "MonRoi"]

1. e4 d6 2. d4 Nf6 3. Nc3 e5 4. Nf3 Nbd7 5. Bc4 Be7 6. h3 c6 7. Bb3 exd4 8.
Qxd4 Nc5 9. Bf4 Be6 10. Bh2 Qb6 11. O-O Ncxe4 12. Nxe4 Qxd4 13. Nxd4 Bxb3 14.
Nxf6+ Bxf6 15. Rfe1+ Be6 16. Nxe6 fxe6 17. Rxe6+ Kf7 18. Rxd6 Rhd8 19. c3 Rxd6
20. Bxd6 Ke6 21. Bf4 a5 22. Rd1 a4 23. Rd6+ Kf5 24. Bd2 Ra6 25. Rd3 Rb6 26. Bc1
Ke4 27. Rf3 Be5 28. Kf1 c5 29. Re3+ Kd5 30. c4+ Kd4 31. b3 axb3 32. axb3 1-0